Catàleg del Col·legi de Periodistes de Catalunya
Vista normal Vista MARC

Entrada Topical Term

Nombre de registres utilitzats a: 38

001 - CONTROL NUMBER

  • control field: 3086

003 - CONTROL NUMBER IDENTIFIER

  • control field: OSt

005 - DATE AND TIME OF LATEST TRANSACTION

  • control field: 20130410131328.0

008 - FIXED-LENGTH DATA ELEMENTS

  • fixed length control field: 130405|| aca||babn | a|a d

040 ## - CATALOGING SOURCE

  • Original cataloging agency: OSt

150 0# - HEADING--TOPICAL TERM

  • Topical term or geographic name as entry element: Periodisme
  • General subdivision: Manuals d'estil

450 ## - SEE FROM TRACING--TOPICAL TERM

  • Topical term or geographic name entry element: Premsa
  • Form subdivision: Llibres d'estil

Implantat amb Koha